[Event "American Cup Champ w"]
[Site "Saint Louis USA"]
[Date "2025.03.16"]
[Round "1.1"]
[White "Krush,I"]
[Black "Pourkashiyan,A"]
[Result "1-0"]
[WhiteElo "2378"]
[BlackElo "2297"]

1.Nf3 d5 2.c4 dxc4 3.e3 Nf6 4.Bxc4 e6 5.O-O a6 6.Qe2 c5 7.Rd1 Nc6 8.a4 Be7
9.d4 cxd4 10.exd4 O-O 11.Nc3 Nb4 12.Ne5 Nbd5 13.Rd3 Bd7 14.Rg3 Kh8 15.Bd3 Be8
16.Rh3 g6 17.Bh6 Rg8 18.Rf3 Nb4 19.Rd1 Nxd3 20.Rdxd3 b5 21.Ne4 Nxe4 22.Nxf7+ Bxf7
23.Qxe4 Qd5 24.Qxd5 exd5 25.Rxf7 Bf8 26.Bxf8 Rgxf8 27.Rxf8+ Rxf8 28.axb5 axb5
29.f3 b4 30.Rb3 Rb8 31.h4 h5 32.Kf2 Kg7 33.Kg3 Kf6 34.Kf4 Rb7 35.g4 Rb8 36.Re3 hxg4
37.fxg4 Rc8 38.Re5 Rc2 39.g5+ Kf7 40.Rxd5 Rxb2 41.Rd7+ Ke6 42.Rg7 Rf2+ 43.Kg3 Rd2
44.Rxg6+ Kf7 45.Rf6+ Kg7 46.Rd6 b3 47.Kg4 b2 48.Rd7+ Kf8 49.Rb7 Rxd4+ 50.Kh5 Rd2
51.Kh6 Re2 52.g6 Re8 53.Rxb2 Kg8 54.h5 Ra8 55.Re2 Rb8 56.Kg5 Kf8 57.h6 Kg8
58.h7+ Kg7 59.Re7+ Kh8 60.Kh6  1-0

[Event "American Cup Champ w"]
[Site "Saint Louis USA"]
[Date "2025.03.17"]
[Round "1.2"]
[White "Pourkashiyan,A"]
[Black "Krush,I"]
[Result "1/2-1/2"]
[WhiteElo "2297"]
[BlackElo "2378"]

1.e4 c5 2.Nf3 Nc6 3.Bb5 d6 4.O-O Bd7 5.c3 a6 6.Ba4 Nf6 7.Re1 b5 8.Bc2 c4
9.b3 e5 10.d4 cxd3 11.Qxd3 Be7 12.Bg5 O-O 13.Bxf6 Bxf6 14.Qxd6 Be7 15.Qd3 Qc7
16.Nbd2 Rfd8 17.Qe2 b4 18.c4 Bg4 19.Qf1 Nd4 20.Bd1 Nxf3+ 21.Nxf3 Bxf3 22.Bxf3 Rd2
23.Red1 Rad8 24.Qe1 Qd7 25.h3 Bc5 26.Bg4 Qd4 27.Rxd2 Qxd2 28.Rd1 Qxe1+ 29.Rxe1 Rd2
30.Re2 Rxe2 31.Bxe2 g6 32.Bg4 a5 33.g3 Kg7 34.Kg2 h5 35.Be2 Bd6 36.Bd1 Kf6
37.Kf3 Bc5 38.Bc2 Ke6 39.Ke2 Bd6 40.Bd1 Kf6 41.Kd3 Bc5 42.Ke2 Bd6 43.Ke1 Ke6
44.Be2 Kf6 45.h4 Ke6 46.Bd1 Kf6 47.g4 hxg4 48.Bxg4 Bc5 49.Ke2 Bb6 50.Bc8 Bc5
51.Kf3 Ke7 52.Bb7 Kf6 53.Bd5 Ke7 54.Kg3 Bd6 55.Kg4 Kf6 56.Bb7 Kg7 57.Bd5 Kf6
58.f3 Kg7 59.h5 gxh5+ 60.Kxh5 Kf6 61.Kh6 Ke7 62.Kg7 f6 63.Kg6 Bc5 64.Kf5 Bd4
65.Bb7 Kf7 66.f4 exf4 67.Kxf4 Ke6 68.Bd5+ Kd6 69.Kf5 Ke7 70.Kg6 Bc5 71.Bg8 Bd4
72.Bd5 Bc5 73.Kf5 Bd4 74.Bc6 Kd6 75.Ba4 Ke7 76.Bb5 Kd6 77.Ba6 Ke7 78.Kf4 Kd6
79.Kf5 Ke7 80.Kf4 Kd6 81.Kf5 Ke7 82.Kf4 Kd6  1/2-1/2

[Event "American Cup Champ w"]
[Site "Saint Louis USA"]
[Date "2025.03.17"]
[Round "2.1"]
[White "Lee,Alice"]
[Black "Krush,I"]
[Result "1-0"]
[WhiteElo "2386"]
[BlackElo "2378"]

1.d4 Nf6 2.c4 e6 3.Nf3 Bb4+ 4.Nbd2 b6 5.e3 Bb7 6.Bd3 O-O 7.O-O d5 8.a3 Be7
9.cxd5 exd5 10.b4 Bd6 11.Bb2 Nbd7 12.Ne5 Qe7 13.Ndf3 a6 14.Qc2 Ne4 15.Rac1 Rae8
16.Qe2 Nb8 17.Bc2 f6 18.Ba4 b5 19.Bb3 Kh8 20.Nd3 c6 21.Nc5 Bc8 22.Nd2 Nxd2
23.Qxd2 Nd7 24.Nxd7 Bxd7 25.Rce1 Bf5 26.Rc1 Rc8 27.Rc3 Bb8 28.Bc2 Qd6 29.f4 Bxc2
30.Qxc2 f5 31.Rf3 Rf6 32.Rh3 h6 33.Bc1 Qd7 34.Bd2 Bd6 35.Be1 Bf8 36.Rf3 Ra8
37.Rd3 Re6 38.Rb3 Rg6 39.Kf1 Re8 40.h3 Re4 41.Rc3 Kg8 42.Rg3 Rf6 43.h4 Qe8
44.Bf2 Ree6 45.Rh3 h5 46.Be1 g6 47.Rf3 Bg7 48.Bf2 Rf7 49.a4 Bf8 50.Rb3 bxa4
51.Rb1 a3 52.Qa4 Qb8 53.Qxa3 Qb5+ 54.Kg1 Rb7 55.Ra1 Rb6 56.Be1 Qc4 57.Qa5 Qb5
58.Qa3 Re8 59.Rf2 Qc4 60.Rc1 Qb5 61.Rfc2 Re6 62.Kf2 Rb8 63.Ra1 Rb6 64.Qc3 Rb8
65.Ra5 Qb6 66.Qa3 Ra8 67.Ra2 Qd8 68.g3 Qe7 69.Qd3 Re8 70.Bd2 Rb8 71.Rxa6 Qb7
72.Ra7 Qb5 73.Qxb5 Rxb5 74.Rc7 Be7 75.Ra6 Kf7 76.Ke2 Rb8 77.Kd3 Rb5 78.Kc2 Rb8
79.Kb2 Rb5 80.Ka3 Rb8 81.Rcxc6 Rxc6 82.Rxc6 Ra8+ 83.Kb2 Rb8 84.Kb3 Rb7 85.Ra6 Rb8
86.Ra5 Ke6 87.b5 Bd8 88.Ra6+ Kf7 89.Ka4 Rc8 90.Rd6 Ra8+ 91.Kb3 Be7 92.Ra6 Rb8
93.Ka4 Rc8 94.Rc6 Ra8+ 95.Ba5  1-0

[Event "American Cup Champ w"]
[Site "Saint Louis USA"]
[Date "2025.03.18"]
[Round "2.2"]
[White "Krush,I"]
[Black "Lee,Alice"]
[Result "1/2-1/2"]
[WhiteElo "2378"]
[BlackElo "2386"]

1.c4 e6 2.Nf3 d5 3.e3 Nf6 4.b3 Be7 5.Bb2 O-O 6.Nc3 c5 7.cxd5 Nxd5 8.Qc2 h6
9.h4 Nxc3 10.Bxc3 Nc6 11.a3 Re8 12.g4 e5 13.Bc4 Qd6 14.g5 Be6 15.gxh6 Bxc4
16.bxc4 Qxh6 17.Nxe5 Nxe5 18.Bxe5 Bxh4 19.Bc3 Qh5 20.Qb2 Re4 21.Qxb7 Rae8
22.Kf1 Qf5 23.Rh2 Rxc4 24.Qc6 Re6 25.Qa8+ Kh7 26.Ke2 Rd6 27.Rah1 Qd3+ 28.Kf3 Qf5+
29.Ke2 Qd3+ 30.Kf3 Qf5+ 31.Ke2 Qd3+  1/2-1/2

[Event "American Cup Elim w"]
[Site "Saint Louis USA"]
[Date "2025.03.19"]
[Round "2.2"]
[White "Zatonskih,A"]
[Black "Krush,I"]
[Result "1-0"]
[WhiteElo "2315"]
[BlackElo "2378"]

1.Nf3 Nf6 2.g3 b5 3.d3 Bb7 4.e4 d6 5.Na3 a6 6.c4 c6 7.Bg2 Nbd7 8.O-O g6 9.Bd2 Bg7
10.Re1 O-O 11.b4 Ng4 12.d4 e5 13.h3 Ngf6 14.dxe5 dxe5 15.Qc2 Qe7 16.Bc3 a5
17.c5 axb4 18.Bxb4 Nb8 19.Rac1 Na6 20.Bd2 Nd7 21.Bg5 Qxc5 22.Qd3 Qb4 23.Nc2 Nac5
24.Nxb4 Nxd3 25.Nxd3 Rxa2 26.Nb4 Rb2 27.Nxc6 Ra8 28.Ne7+ Kf8 29.Rc7 f6 30.Rxd7 fxg5
31.Rxb7 Raa2 32.Nxg5  1-0

[Event "American Cup Elim w"]
[Site "Saint Louis USA"]
[Date "2025.03.19"]
[Round "2.1"]
[White "Krush,I"]
[Black "Zatonskih,A"]
[Result "1-0"]
[WhiteElo "2378"]
[BlackElo "2315"]

1.c4 e6 2.Nf3 d5 3.e3 Nf6 4.b3 Bd6 5.Bb2 O-O 6.Nc3 c5 7.cxd5 exd5 8.d4 Nc6
9.Be2 cxd4 10.Nxd4 Nxd4 11.Qxd4 Re8 12.O-O Be5 13.Qd2 Be6 14.Na4 Bxb2 15.Qxb2 Bg4
16.Bxg4 Nxg4 17.Rad1 Qd6 18.g3 Rac8 19.Qd4 Nf6 20.Nc3 Red8 21.Rd3 a6 22.Rfd1 Qe7
23.Qf4 Qa3 24.Kg2 h6 25.Qf5 Rb8 26.R1d2 Rf8 27.Nxd5 Nxd5 28.Rxd5 b5 29.Rd7 Qc1
30.h4 a5 31.h5 a4 32.Qd5 axb3 33.axb3 b4 34.Rd4 Rb6 35.Rc4 Qb1 36.Rxf7 Rxf7
37.Rc8+ Kh7 38.Qxf7 Qe4+ 39.Kh2 Qe6 40.Qf8  1-0

[Event "American Cup Elim w"]
[Site "Saint Louis USA"]
[Date "2025.03.19"]
[Round "2.4"]
[White "Krush,I"]
[Black "Zatonskih,A"]
[Result "1-0"]
[WhiteElo "2378"]
[BlackElo "2315"]

1.d4 e6 2.c4 b6 3.e4 Bb7 4.Bd3 g6 5.Nf3 Bg7 6.Nc3 Ne7 7.h4 h6 8.Qe2 d6 9.Be3 Nd7
10.O-O-O c5 11.Kb1 a6 12.Qc2 cxd4 13.Bxd4 e5 14.Be3 Rc8 15.h5 g5 16.Nh2 Nf8
17.Ng4 Ne6 18.Qd2 Bc6 19.Nd5 Bxd5 20.cxd5 Nd4 21.Bxd4 exd4 22.Bxa6 Rc5 23.Bd3 O-O
24.f4 f5 25.exf5 gxf4 26.Qxf4 Nxd5 27.Qg3 Kh8 28.Rhe1 Ne3 29.Nxe3 dxe3 30.Qxe3 Qf6
31.Re2 Re5 32.Qf2 Rfe8 33.Rde1 R8e7 34.Rxe5 Rxe5 35.Rxe5 Qxe5 36.a3 b5 37.Qe2 Qf6
38.Qe8+ Bf8 39.Qg6 Qd4 40.f6  1-0

[Event "American Cup Elim w"]
[Site "Saint Louis USA"]
[Date "2025.03.19"]
[Round "2.3"]
[White "Zatonskih,A"]
[Black "Krush,I"]
[Result "0-1"]
[WhiteElo "2315"]
[BlackElo "2378"]

1.Nf3 c5 2.g3 Nc6 3.Bg2 g6 4.c4 Bg7 5.O-O e6 6.Nc3 Nge7 7.d3 d5 8.e3 O-O
9.Rb1 d4 10.exd4 cxd4 11.Ne2 a5 12.a3 a4 13.b4 axb3 14.Qxb3 e5 15.Nd2 Na5
16.Qc2 Bd7 17.Ne4 Bc6 18.f3 Qc7 19.Bb2 Nf5 20.Bc1 Rfe8 21.Re1 Ne3 22.Qb2 Nxg2
23.Kxg2 f5 24.Nf2 e4 25.fxe4 fxe4 26.Bf4 exd3+ 27.Kg1 Qd7 28.Nxd3 Qh3 29.Nec1 Rxe1+
30.Nxe1 d3 31.Qf2 Rd8 32.Nf3  0-1

[Event "American Cup Elim w"]
[Site "Saint Louis USA"]
[Date "2025.03.20"]
[Round "3.1"]
[White "Krush,I"]
[Black "Paikidze,N"]
[Result "1-0"]
[WhiteElo "2378"]
[BlackElo "2294"]

1.d4 Nf6 2.c4 e6 3.Nc3 Bb4 4.Nf3 b6 5.Bg5 Bb7 6.Nd2 h6 7.Bh4 Be7 8.e3 O-O
9.Bd3 d5 10.O-O c5 11.dxc5 bxc5 12.cxd5 Nxd5 13.Bxe7 Qxe7 14.Rc1 Nd7 15.Nc4 Rad8
16.Qe2 N7b6 17.Na5 Ba8 18.Ne4 Nb4 19.Bb1 Nxa2 20.Bxa2 Bxe4 21.Bb1 Bxb1 22.Rxb1 Rc8
23.Rfc1 Qd7 24.Ra1 Rfd8 25.Nc4 Nd5 26.h3 Nb4 27.Rc3 Qb7 28.e4 Rd4 29.e5 Rf8
30.Nd6 Qd5 31.Nc4 Re4 32.Qf1 a6 33.b3 Rd4 34.Qe2 Rd8 35.Kh2 Rd3 36.Rac1 Rxc3
37.Rxc3 Nc6 38.f4 Nd4 39.Qg4 Nf5 40.Rc2 Qe4 41.Re2 Qb1 42.Rb2 Qc1 43.Qf3 Rd1
44.g3 Nd4 45.Qa8+ Kh7 46.Qe4+ g6 47.Rf2 Re1 48.Qb7 h5 49.Nd6 Nf5 50.Nxf7 Ng7
51.Ng5+ Kh6 52.Qa8 Ne8 53.Qb7 Ng7 54.Qa8 Ne8 55.Nf3 Qe3 56.Rg2 Rf1 57.Qxe8 Kg7
58.Qe7+ Kg8 59.Qxe6+ Kf8 60.Qd6+ Ke8 61.Qxg6+ Kd8 62.Qd6+ Kc8 63.Qc6+ Kb8
64.Qb6+ Kc8 65.Qxa6+ Kc7 66.Qxf1  1-0

[Event "American Cup Elim w"]
[Site "Saint Louis USA"]
[Date "2025.03.20"]
[Round "3.2"]
[White "Paikidze,N"]
[Black "Krush,I"]
[Result "0-1"]
[WhiteElo "2294"]
[BlackElo "2378"]

1.Nf3 Nf6 2.b3 c5 3.Bb2 Nc6 4.e3 g6 5.Bb5 Bg7 6.O-O O-O 7.d4 cxd4 8.exd4 d5
9.Nbd2 Bf5 10.Bxc6 bxc6 11.Ne5 Qc7 12.Qe2 c5 13.dxc5 Qxc5 14.c4 Ng4 15.Rfe1 dxc4
16.Ndxc4 Nxe5 17.Bxe5 Bxe5 18.Qxe5 Qxe5 19.Rxe5 Be6 20.Ne3 a5 21.Nd5 Ra7
22.Rc1 Rd8 23.Nc7 Rxc7  0-1

[Event "American Cup Elim w"]
[Site "Saint Louis USA"]
[Date "2025.03.21"]
[Round "4.1"]
[White "Krush,I"]
[Black "Abrahamyan,T"]
[Result "0-1"]
[WhiteElo "2378"]
[BlackElo "2310"]

1.c4 Nf6 2.Nf3 g6 3.Nc3 Bg7 4.e4 d6 5.d4 O-O 6.Be2 Na6 7.O-O e5 8.Be3 Qe7
9.d5 Ng4 10.Bg5 f6 11.Bh4 g5 12.Bg3 f5 13.exf5 Bxf5 14.h3 Nh6 15.Rc1 Bg6
16.Re1 Rae8 17.a3 Qf6 18.Bd3 Bxd3 19.Qxd3 Nc5 20.Qc2 Nf5 21.Ne4 Nxe4 22.Qxe4 Qg6
23.Bh2 h5 24.Nd2 g4 25.hxg4 hxg4 26.Nf1 Qg5 27.Ng3 Nd4 28.Qe3 Qh4 29.Rc3 Rf6
30.Nf1 Rh6 31.Qe4 Rf8 32.Rg3 Rf4 33.Qd3 Nf5 34.Re2 Nxg3  0-1

[Event "American Cup Elim w"]
[Site "Saint Louis USA"]
[Date "2025.03.21"]
[Round "4.2"]
[White "Abrahamyan,T"]
[Black "Krush,I"]
[Result "1-0"]
[WhiteElo "2310"]
[BlackElo "2378"]

1.e4 c5 2.Nf3 e6 3.d4 cxd4 4.Nxd4 a6 5.Nc3 Qc7 6.Bd3 Nf6 7.f4 b5 8.e5 b4
9.Ne4 Nxe4 10.Bxe4 Bb7 11.Qf3 Nc6 12.Nxc6 Bxc6 13.Bxc6 dxc6 14.Be3 Be7 15.O-O O-O
16.Qe4 g6 17.Rfc1 a5 18.c3 Rfc8 19.c4 Rd8 20.Rd1 Rd7 21.Qc2 Rad8 22.Kf2 f6
23.Rxd7 Qxd7 24.Ke2 Qc7 25.Qe4 f5 26.Qc2 h6 27.Rd1 g5 28.Rxd8+ Qxd8 29.Qd1 Qe8
30.Kf1 c5 31.Qd2 gxf4 32.Bxf4 h5 33.Bg5 Bf8 34.Bf6 Kh7 35.Qd8 Qxd8 36.Bxd8 a4
37.b3 axb3 38.axb3 f4 39.Bg5 Kg6 40.Bxf4 Kf5 41.Bg3 Be7 42.Ke2 h4 43.Bf2 Kxe5
44.Kf3 Bf8 45.g3 h3 46.g4 Be7 47.Be3 Bf8 48.Bf2 Kf6 49.Kg3 Ke5 50.Kf3 Be7
51.Be3 Kf6 52.Kg3 Bd6+ 53.Kxh3 Ke5 54.g5 Ke4 55.g6 Bf8 56.Bxc5 Bg7 57.Bxb4 Kd3
58.Bd6 Kc3 59.c5  1-0

[Event "American Cup Blitz 2025"]
[Site "Saint Louis USA"]
[Date "2025.03.24"]
[Round "1.3"]
[White "Caruana,F"]
[Black "Krush,I"]
[Result "1-0"]
[WhiteElo "2783"]
[BlackElo "2378"]

1.e4 c5 2.Nf3 e6 3.d3 Nc6 4.g3 d5 5.Qe2 Nf6 6.Bg2 Be7 7.O-O O-O 8.e5 Nd7
9.c4 Re8 10.Bf4 Nf8 11.h4 b6 12.Nc3 Bb7 13.Rad1 d4 14.Nb1 h6 15.h5 Nh7 16.Nbd2 Rb8
17.g4 a6 18.Ne4 b5 19.Nfd2 Na5 20.b3 bxc4 21.bxc4 Ba8 22.Rb1 Qc7 23.Nd6 Red8
24.N2e4 Ng5 25.Bg3 Nxe4 26.Nxe4 Rxb1 27.Rxb1 Rb8 28.Rxb8+ Qxb8 29.Qd2 Qb4
30.Qf4 Qb1+ 31.Bf1 Nxc4 32.Nf6+ gxf6 33.exf6 Bf8 34.dxc4 Qe4 35.Qxe4 Bxe4  1-0

[Event "FIDE Women's World Cup"]
[Site "Batumi GEO"]
[Date "2025.07.06"]
[Round "1.1"]
[White "Rouda Essa,Alserkal"]
[Black "Krush,I"]
[Result "1/2-1/2"]
[WhiteElo "2106"]
[BlackElo "2376"]

1.e4 c5 2.Nf3 e6 3.d4 cxd4 4.Nxd4 a6 5.h3 Nf6 6.Bd3 Nc6 7.Nxc6 bxc6 8.O-O e5
9.f4 Bc5+ 10.Kh1 d6 11.fxe5 dxe5 12.Qf3 O-O 13.Qg3 Qd6 14.Qh4 Ne8 15.Nd2 Be6
16.Nc4 Qc7 17.Bd2 f6 18.a4 Nd6 19.Nxd6 Qxd6 20.Qe1 Rfb8 21.Bc3 Bd4 22.Rd1 a5
23.b3 c5 24.Bb5 Qc7 25.Qg3 Kh8 26.Be1 Bb2 27.Rb1 Ba3 28.Ra1 Bb2 29.Rb1 Ba3
30.Ra1 Bb2 31.Rb1  1/2-1/2

[Event "FIDE Women's World Cup"]
[Site "Batumi GEO"]
[Date "2025.07.07"]
[Round "1.2"]
[White "Krush,I"]
[Black "Rouda Essa,Alserkal"]
[Result "1-0"]
[WhiteElo "2376"]
[BlackElo "2106"]

1.d4 Nf6 2.Nf3 e6 3.e3 d5 4.Bd3 Be7 5.O-O O-O 6.b3 c5 7.Bb2 Nc6 8.Nbd2 cxd4
9.exd4 Bd7 10.a3 Rc8 11.Qe2 Qc7 12.Ne5 Ne8 13.Ndf3 Nd6 14.c4 dxc4 15.bxc4 Na5
16.Nxd7 Qxd7 17.Ne5 Qc7 18.Rac1 Nf5 19.Qe4 g6 20.d5 exd5 21.cxd5 Qd8 22.Rxc8 Qxc8
23.Qa4 b6 24.Nd7 Rd8 25.Bxf5 gxf5 26.Qd4 f6 27.Nxf6+ Kf7 28.Qh4 Rg8 29.Qxh7+ Rg7
30.Qh5+ Rg6 31.Nd7  1-0

[Event "FIDE Women's World Cup"]
[Site "Batumi GEO"]
[Date "2025.07.09"]
[Round "2.1"]
[White "Krush,I"]
[Black "Yip,Carissa"]
[Result "0-1"]
[WhiteElo "2376"]
[BlackElo "2453"]

1.d4 f5 2.g3 Nf6 3.Bg2 g6 4.c4 Bg7 5.Nc3 O-O 6.Nh3 d6 7.d5 Na6 8.O-O Bd7
9.Rb1 Qe8 10.b4 c6 11.e4 Ng4 12.Qb3 fxe4 13.Nxe4 cxd5 14.c5 dxc5 15.Qxd5+ Kh8
16.bxc5 Bc6 17.Qc4 Ne5 18.Qe2 Nc7 19.Rd1 Ba4 20.Rxb7 Bxd1 21.Qxd1 Rd8 22.Qc2 Ne6
23.Bb2 Rb8 24.Neg5 Rxb7 25.Bxb7 Nd8 26.Be4 Qd7 27.Nf4 Qg4 28.Bc1 h6 29.h3 Qc8
30.Nf3 Ndf7 31.Nxg6+ Nxg6 32.Bxg6 Qxh3 33.Bf5 Qh5 34.Nh4 Ne5 35.Kg2 Rf6 36.Bb2 Nf3
37.Nxf3 Qxf5 38.Nh4 Qxc2  0-1

[Event "FIDE Women's World Cup"]
[Site "Batumi GEO"]
[Date "2025.07.10"]
[Round "2.2"]
[White "Yip,Carissa"]
[Black "Krush,I"]
[Result "1-0"]
[WhiteElo "2453"]
[BlackElo "2376"]

1.e4 c5 2.c3 d5 3.exd5 Nf6 4.Bb5+ Nbd7 5.Nf3 Nxd5 6.d4 e6 7.O-O Be7 8.dxc5 Bxc5
9.Nbd2 O-O 10.Ne4 Be7 11.c4 N5f6 12.Nxf6+ Bxf6 13.Be3 Qc7 14.Bxd7 Bxd7 15.Bd4 Bxd4
16.Qxd4 Rfd8 17.b3 f6 18.Rad1 Bc6 19.Qg4 e5 20.Nh4 g6 21.Nf5 Bd7 22.Ne7+ Kf7
23.Qh4 Kxe7 24.Qxh7+ Ke6 25.Qh3+ f5 26.Qh7 Rf8 27.c5 Rf7 28.Qxg6+ Ke7 29.Qg5+ Kf8
30.Rd6 Rg7 31.Qh5 Bc6 32.g3 Qf7 33.Qh8+ Qg8 34.Qh5 Rg5 35.Qh4 Re8 36.Rf6+ Ke7
37.Rxf5 Qd5 38.Qxg5+ Kd7 39.f3 Qxc5+ 40.Rf2 Kc7 41.h4 Qd4 42.Qd2 Qc5 43.b4 Qc4
44.Qe3 Qe6 45.Rg5 e4 46.b5  1-0

[Event "31st Abu Dhabi Masters"]
[Site "Abu Dhabi UAE"]
[Date "2025.08.15"]
[Round "1.13"]
[White "Zeng,C"]
[Black "Krush,I"]
[Result "1-0"]
[WhiteElo "2553"]
[BlackElo "2367"]

1.Nf3 c5 2.e4 e6 3.d4 cxd4 4.Nxd4 a6 5.Nc3 b5 6.Bd3 Bb7 7.O-O Nc6 8.Nxc6 Bxc6
9.Re1 Ne7 10.Bd2 Ng6 11.a4 bxa4 12.Nxa4 Bd6 13.Bc3 O-O 14.g3 Qb8 15.Bd4 Be5
16.Bf1 a5 17.Nb6 Bxd4 18.Qxd4 Ra7 19.Nc4 a4 20.b4 d5 21.Na5 Ne5 22.Bg2 dxe4
23.Nxc6 Nxc6 24.Qxe4 Rc8 25.Reb1 a3 26.b5 a2 27.Rb3 Ne5 28.b6 Rd7 29.b7 Rcd8
30.Rxa2 Rd1+ 31.Bf1 R1d4 32.Qxd4 Rxd4 33.Ra8 Rd8 34.Rxb8 Rxb8 35.Rc3  1-0

[Event "31st Abu Dhabi Masters"]
[Site "Abu Dhabi UAE"]
[Date "2025.08.16"]
[Round "2.86"]
[White "Krush,I"]
[Black "Advaitt Srikant Koduri"]
[Result "1/2-1/2"]
[WhiteElo "2367"]
[BlackElo "2281"]

1.d4 d5 2.c4 c6 3.Nf3 Nf6 4.Nc3 dxc4 5.a4 Bf5 6.e3 e6 7.Bxc4 Bb4 8.O-O a5
9.Qe2 Ne4 10.Ne5 Nxc3 11.bxc3 Bxc3 12.Ba3 Nd7 13.Nxf7 Kxf7 14.e4 Bg6 15.d5 Bxa1
16.dxe6+ Ke8 17.exd7+ Qxd7 18.Rxa1 Rd8 19.h4 h5 20.Rb1 Bf7 21.Bxf7+ Qxf7
22.e5 Rh6 23.Bd6 Re6  1/2-1/2

[Event "31st Abu Dhabi Masters"]
[Site "Abu Dhabi UAE"]
[Date "2025.08.17"]
[Round "3.78"]
[White "Tamer Waguih,Farid"]
[Black "Krush,I"]
[Result "0-1"]
[WhiteElo "2261"]
[BlackElo "2367"]

1.d4 Nf6 2.Nf3 b6 3.Bf4 Bb7 4.e3 g6 5.c4 Bg7 6.Nc3 d6 7.h3 O-O 8.Be2 Nbd7
9.O-O Ne4 10.Nxe4 Bxe4 11.Nd2 Bb7 12.Bf3 Qc8 13.Bxb7 Qxb7 14.Qf3 Qxf3 15.Nxf3 e5
16.Bh2 e4 17.Nd2 Rfe8 18.Rad1 f5 19.Nb1 Nf8 20.Nc3 Ne6 21.Nd5 c5 22.dxc5 dxc5
23.Rd2 Rad8 24.Rfd1 Kf7 25.b3 Rd7 26.Nf4 Rxd2 27.Rxd2 Rd8 28.Rd5 Rxd5 29.Nxd5 Nd8
30.Bg3 Nc6 31.f3 exf3 32.gxf3 g5 33.h4 g4 34.fxg4 fxg4 35.h5 Ke6 36.Kg2 Kf5
37.Bf4 Bb2 38.Kg3 Be5 39.h6 Bb2 40.e4+ Kxe4 41.Kxg4 Ne5+ 42.Kg3 Nf7 43.Kg4 b5
44.Ne3 Be5 45.Bxe5 Nxe5+ 46.Kg5 Kxe3 47.cxb5 Kd4 48.Kf5 Kd5 49.a4 Nf7 50.a5 Nxh6+
51.Kf6 Kd6 52.Kg7 Nf5+ 53.Kxh7 Nd4  0-1

[Event "31st Abu Dhabi Masters"]
[Site "Abu Dhabi UAE"]
[Date "2025.08.18"]
[Round "4.40"]
[White "Krush,I"]
[Black "Sandipan,C"]
[Result "0-1"]
[WhiteElo "2367"]
[BlackElo "2482"]

1.d4 e6 2.c4 f5 3.g3 Nf6 4.Bg2 d5 5.Nf3 Bd6 6.Bf4 Bxf4 7.gxf4 O-O 8.Nc3 c6
9.e3 Nbd7 10.Qc2 Qe7 11.cxd5 exd5 12.O-O-O Ne4 13.Kb1 Ndf6 14.Ne5 Be6 15.f3 Nxc3+
16.Qxc3 Nd7 17.h4 Nxe5 18.fxe5 f4 19.e4 Qf7 20.a3 dxe4 21.fxe4 f3 22.Bf1 Rad8
23.Bd3 f2 24.Ka1 Kh8 25.Bf1 Qf4 26.Bg2 Qg4 27.Bh3 Qxh3 28.Rxh3 f1=Q 29.Rxf1 Rxf1+  0-1

[Event "31st Abu Dhabi Masters"]
[Site "Abu Dhabi UAE"]
[Date "2025.08.19"]
[Round "5.71"]
[White "Aziz,Husain"]
[Black "Krush,I"]
[Result "0-1"]
[WhiteElo "2286"]
[BlackElo "2367"]

1.d4 Nf6 2.Nf3 c5 3.d5 b5 4.e4 Nxe4 5.Bd3 Qa5+ 6.Nbd2 Nf6 7.O-O c4 8.Be4 d6
9.Re1 g6 10.a4 Bg7 11.Nd4 Bg4 12.Bf3 Bxf3 13.Qxf3 bxa4 14.c3 Qxd5 15.Nxc4 Qxf3
16.gxf3 Kd7 17.Rxa4 Nd5 18.Rd1 Rc8 19.Nf5 Nxc3 20.bxc3 gxf5 21.Nb6+ axb6
22.Rxa8 Bxc3 23.Be3 b5 24.Ra7+ Ke6 25.Ra8 Rh8 26.Bd2 Nc6 27.Ra6 Bxd2 28.Rxc6 Ba5
29.Ra1 Kd7 30.Rc2 Bb6 31.Rb1 Rb8 32.Kf1 Bc5 33.Ke2 f4 34.Kd3 f5 35.Ra2 Kc6
36.Rg1 Kd5 37.Rg5 e6 38.Rg7 b4 39.Rd2 Bd4 40.Kc2 b3+  0-1

[Event "31st Abu Dhabi Masters"]
[Site "Abu Dhabi UAE"]
[Date "2025.08.20"]
[Round "6.40"]
[White "Krush,I"]
[Black "Movahed,Sina"]
[Result "0-1"]
[WhiteElo "2367"]
[BlackElo "2558"]

1.d4 Nf6 2.c4 g6 3.Nc3 Bg7 4.e4 d6 5.Be2 O-O 6.Nf3 e5 7.d5 a5 8.h3 Na6 9.Bg5 h6
10.Be3 Nh5 11.Nd2 Nf4 12.Bf1 Nb4 13.Ndb1 f5 14.a3 Na6 15.g3 fxe4 16.Nxe4 Bf5
17.Nbc3 Qe7 18.Qd2 c6 19.f3 cxd5 20.cxd5 Nh5 21.Kf2 Kh7 22.Kg2 Nc7 23.Bd3 Rac8
24.h4 Qd7 25.Qe2 Kh8 26.Bb6 Na6 27.Bb5 Qe7 28.Bxa5 Nc5 29.Bc4 b5 30.Ba2 Nf6
31.Rac1 h5 32.Nxc5 Rxc5 33.Bb6 Rxc3 34.Rxc3 e4 35.f4 Bg4 36.Qf2 Qd7 37.Rhc1 Qf5
38.Bd4 Kh7 39.Kg1 Bf3 40.Rxf3 Ng4 41.Qd2 exf3 42.Rc7 Rf7 43.Rxf7 Qxf7 44.Bf2 Qf5
45.Bb3 Qb1+ 46.Qd1 Qe4 47.Bc2 Nxf2 48.Kxf2 Bd4+  0-1

[Event "31st Abu Dhabi Masters"]
[Site "Abu Dhabi UAE"]
[Date "2025.08.21"]
[Round "7.66"]
[White "Nugumanov,B"]
[Black "Krush,I"]
[Result "1/2-1/2"]
[WhiteElo "2314"]
[BlackElo "2367"]

1.d4 Nf6 2.c4 e6 3.Nf3 d5 4.g3 dxc4 5.Bg2 a6 6.O-O Nc6 7.Qd2 Rb8 8.Ne5 Nxe5
9.dxe5 Nd7 10.Rd1 Bc5 11.Nc3 O-O 12.Ne4 Qe7 13.Qc3 Bb4 14.Qxc4 Nxe5 15.Qc2 h6
16.Bf4 Nc6 17.a3 Ba5 18.Be3 Bb6 19.Nc5 a5 20.Bxc6 bxc6 21.Rac1 e5 22.Qa4 Bf5
23.Qxc6 Rfd8 24.Qa4 Rd6 25.Qb3 Ba7 26.Qc3 Bb6 27.Rxd6 cxd6 28.Na4 Bd8 29.Qd2 Be6
30.Nc3 Qd7 31.Rd1 Bb6 32.Bxb6 Rxb6 33.Ne4 d5 34.Qxa5 Rxb2 35.Nc5 Qd6 36.Nxe6 fxe6
37.e3 Ra2 38.Qa8+ Kh7 39.Qe8 Rxa3 40.Rc1 Qa6 41.Kg2 Qd3 42.Qxe6 Qe4+ 43.Kh3 Ra8
44.Qf7 Rd8 45.Rc6 d4  1/2-1/2

[Event "31st Abu Dhabi Masters"]
[Site "Abu Dhabi UAE"]
[Date "2025.08.23"]
[Round "8.71"]
[White "Krush,I"]
[Black "Nayak,Rajesh"]
[Result "1-0"]
[WhiteElo "2367"]
[BlackElo "2305"]

1.d4 f5 2.c4 Nf6 3.Nf3 g6 4.e3 Bg7 5.b4 a5 6.b5 d6 7.Bb2 O-O 8.Nc3 e6 9.Qc2 b6
10.c5 c6 11.cxd6 Qxd6 12.Be2 Bb7 13.O-O Rc8 14.Qb3 Nd5 15.bxc6 Bxc6 16.Ba3 Qd7
17.Nb5 Na6 18.Ne5 Bxe5 19.dxe5 Nab4 20.Nd4 Ba4 21.Qb2 Nc2 22.Rac1 Nxd4 23.Qxd4 Bb5
24.Bxb5 Qxb5 25.Bd6 Qd7 26.f3 Rxc1 27.Rxc1 Rc8 28.Qd2 Rxc1+ 29.Qxc1 Kg7 30.e4 fxe4
31.fxe4 Nb4 32.Qf1 Qd8 33.a3 Nc6 34.Qb5 Qh4 35.Qf1 Qd8 36.h3 h6 37.Qb5 Ne7
38.Qb3 Qd7 39.Qxb6 a4 40.Qf2 Ng8 41.Qf8+ Kh7 42.Qb8 g5 43.Qc7 Qxc7 44.Bxc7 Ne7
45.Kf2 Ng6 46.g3 h5 47.Bd8 Kh6 48.Bf6 Nf8 49.Ke3 Ng6 50.h4 g4 51.Kd4 Kh7
52.Kc4 Kg8 53.Kb5 Kf7 54.Kxa4 Ke8 55.Kb5 Nf4 56.Kc6 Ne2 57.a4 Nxg3 58.a5 Ne2
59.a6 Nd4+ 60.Kb6 g3 61.a7 g2 62.a8=Q+ Kf7 63.Qa7+ Kg6 64.Qg7+  1-0

[Event "31st Abu Dhabi Masters"]
[Site "Abu Dhabi UAE"]
[Date "2025.08.24"]
[Round "9.56"]
[White "Sharon,Rafael"]
[Black "Krush,I"]
[Result "1/2-1/2"]
[WhiteElo "2200"]
[BlackElo "2367"]

1.d4 Nf6 2.c4 e6 3.Nc3 Bb4 4.Qc2 d6 5.Nf3 O-O 6.Bd2 c5 7.e3 b6 8.Bd3 Bb7
9.Ne4 Bxe4 10.Bxe4 Nxe4 11.Qxe4 Bxd2+ 12.Kxd2 d5 13.cxd5 exd5 14.Qh4 Qe8
15.Rhc1 Qb5 16.b3 Nc6 17.dxc5 d4 18.Rc4 bxc5 19.Qh5 dxe3+ 20.fxe3 Rad8+ 21.Ke1 Nb4
22.Kf2 Rd5 23.Qh4 Re8 24.e4 Rd6 25.Kg1 Nd3 26.Qg5 h6 27.Qe3 Qd7 28.h3 Rg6
29.Nh4 Rd6 30.Rf1 Ne5 31.Rc2 Rd1 32.Rf2 Rxf1+ 33.Rxf1 c4 34.Nf5 cxb3 35.axb3 Kh7
36.Ra1 Nc6 37.Rf1 Re5 38.Kh1 a5 39.Qf4 Qe6 40.Qf3 Ne7 41.Nxe7 Qxe7 42.Qxf7 Qxf7
43.Rxf7 Rxe4 44.Rf5 a4 45.bxa4 Rxa4  1/2-1/2

[Event "World Women's Team Pool A"]
[Site "Linares ESP"]
[Date "2025.11.18"]
[Round "2.11"]
[White "Krush,I"]
[Black "Garifullina,Leya"]
[Result "1/2-1/2"]
[WhiteElo "2396"]
[BlackElo "2458"]

1.d4 Nf6 2.c4 e6 3.Nc3 Bb4 4.e3 O-O 5.Bd3 d5 6.Nf3 dxc4 7.Bxc4 c5 8.O-O Nc6
9.a3 Ba5 10.Qd3 a6 11.Rd1 b5 12.Ba2 cxd4 13.exd4 Bxc3 14.bxc3 Ne7 15.a4 Rb8
16.Ba3 Bb7 17.Nd2 Re8 18.Nb3 Be4 19.Qd2 Bg6 20.f3 Nd7 21.Nc5 Nxc5 22.Bxc5 Nd5
23.c4 bxc4 24.Bxc4 Ra8 25.Rdc1 Qd7 26.a5 Reb8 27.Ra2 h6 28.Qe2 Qd8 29.Qd2 Qd7
30.Rb2 Qd8 31.Ra1 Rxb2 32.Qxb2 Ne3 33.Qe2  1/2-1/2

[Event "World Women's Team Pool A"]
[Site "Linares ESP"]
[Date "2025.11.19"]
[Round "3.7"]
[White "Mammadova,G"]
[Black "Krush,I"]
[Result "0-1"]
[WhiteElo "2338"]
[BlackElo "2396"]

1.e4 c5 2.Nf3 e6 3.d4 cxd4 4.Nxd4 a6 5.Nc3 b5 6.a3 Bb7 7.Bd3 Nc6 8.Nxc6 Bxc6
9.O-O Ne7 10.Bg5 Qb8 11.Qe2 Ng6 12.Be3 Bd6 13.g3 Ne5 14.f4 Nxd3 15.Qxd3 O-O
16.e5 Be7 17.Ne4 b4 18.a4 Qb7 19.Nc5 Bxc5 20.Bxc5 Rfc8 21.Qd4 a5 22.Rf2 Bxa4
23.b3 Bc6 24.f5 exf5 25.Rxf5 Be4 26.Rf2 Bg6 27.Rd1 h6 28.Rdd2 Ra6 29.Be7 Rac6
30.Qxd7 R6c7 31.e6 Kh7 32.Bh4 fxe6 33.Qxe6 Re8 34.Qd5 Qa6 35.Qg2 Bxc2 36.Bd8 Bd3
37.Rxd3 Rc1+ 38.Rf1 Qxd3  0-1

[Event "World Women's Team Pool A"]
[Site "Linares ESP"]
[Date "2025.11.20"]
[Round "5.11"]
[White "Balabayeva,Xeniya"]
[Black "Krush,I"]
[Result "1-0"]
[WhiteElo "2360"]
[BlackElo "2396"]

1.d4 Nf6 2.c4 e6 3.Nc3 Bb4 4.Nf3 b6 5.Bg5 h6 6.Bh4 g5 7.Bg3 Ne4 8.Qc2 Bb7
9.e3 Bxc3+ 10.bxc3 d6 11.Bd3 f5 12.Qb3 Nd7 13.c5 Qe7 14.Bxe4 Bxe4 15.cxd6 cxd6
16.Qa3 e5 17.dxe5 Bxf3 18.gxf3 dxe5 19.Qxe7+ Kxe7 20.f4 Rac8 21.fxe5 Rxc3
22.Rd1 Nc5 23.h4 f4 24.exf4 gxf4 25.Bxf4 Nd3+ 26.Rxd3 Rxd3 27.Rg1 Kf7 28.Ke2 Ra3
29.h5 Rxa2+ 30.Kf3 Ra3+ 31.Ke4 Rh3 32.Ra1 Ra8 33.Rc1 Rxh5 34.Rc7+ Ke6 35.Rc6+ Kd7
36.Rd6+ Ke7 37.Bxh6 Rd8 38.Rg6 Rd1 39.Bg5+ Kf7 40.Kf5 Rd5 41.f4 Rh8 42.Rc6 Rc5
43.Rd6 Rb8 44.Rd7+ Ke8 45.Re7+ Kf8 46.Rh7 Rbc8 47.Kg6 R8c6+ 48.Bf6 Ke8 49.Re7+ Kd8
50.e6 Kc8 51.Re8+ Kb7 52.e7 Re6 53.f5 Re4 54.Rd8 Rc8 55.Bg5 b5 56.f6 b4 57.Rxc8 Kxc8
58.f7  1-0